| 000 | 01474nam a22002777a 4500 | ||
|---|---|---|---|
| 005 | 20081121121856.0 | ||
| 008 | 081121t xxu||||| |||| 00| 0 hin d | ||
| 010 | _aHIN-85205 | ||
| 020 |
_a9788190552165 _c200.00 |
||
| 035 | _aHN-57551 | ||
| 037 | _bDBAD / PUB | ||
| 040 |
_aDPL _bHN |
||
| 082 | _a915.41504 | ||
| 100 | _aभाटिया, सुदर्शन | ||
| 245 |
_aहिमाचल के मंदिरःपृष्ठभूमि तथा इतिहास / _cसुदर्शन भाटिया |
||
| 246 |
_aHimachal ke mandir : prishtabhumi tatha itihaasa _bby Sudarshan Bhatia |
||
| 260 |
_aदिल्ली _bअमन बुक सेन्टर _c2008 |
||
| 270 |
_aएल-20/13, द्वितीय तल, गली नं5, शिवाजी मार्ग, करतार नगर _bदिल्ली _e110053 |
||
| 300 |
_a159पृ _c22सेमी (सजिल्द) |
||
| 650 |
_aमंदिर, हिन्दू _zभारत _zहिमाचल प्रदेश |
||
| 650 |
_aTemples, Hindu _zIndia _zHimachal Pradesh |
||
| 650 | _aदेवता, भारतीय, कला में | ||
| 650 | _aGod, Indic, in art | ||
| 942 |
_2ddc _cHN _mभाटिया _h915.41504 |
||
| 999 |
_c18973 _d18973 |
||